| 000 | 00564nam a2200193Ia 4500 | ||
|---|---|---|---|
| 005 | 20260114185641.0 | ||
| 008 | 008 260114s9999 xx 000 0 eng d | ||
| 020 | _a9780755621767 | ||
| 037 | _aEBOOK | ||
| 040 |
_aCRL _beng _cCRL |
||
| 041 |
_aeng _2eng |
||
| 084 | _qCRL | ||
| 100 |
_aRobert Elsie _9872696 |
||
| 245 | 4 | _aThe Tribes of Albania History, Society and Culture | |
| 260 |
_bBloomsbury _c2015 |
||
| 856 | _uhttps://doi.org/10.5040/9780755621767?locatt=label:secondary_bloomsburyCollections | ||
| 942 | _cEBOOK | ||
| 999 |
_c1471644 _d1471644 |
||